Statistieken voor UEFA Nations League Divisie A 2018/2019 - voetbal

Klik hier om de quiz te nemen!

Algemene statistieken

  • Deze quiz is 94 keer genomen
  • De gemiddelde score is 10 van 12

Antwoordstatistieken

Antwoord% Correct
Nederland
100%
Frankrijk
99%
Portugal
99%
Spanje
99%
Duitsland
97%
Italië
93%
België
92%
Engeland
92%
Polen
84%
Zwitserland
78%
Kroatië
68%
IJsland
30%

Scoreverdeling

Percentiel versus Aantal Correcte Antwoorden

Procent van Mensen met Elke Score

Uw Scoregeschiedenis

U heeft deze quiz nog niet genomen